| 000 | 00493 a2200169 4500 | ||
|---|---|---|---|
| 003 | OSt | ||
| 005 | 20231102144459.0 | ||
| 008 | 231102b |||||||| |||| 00| 0 eng d | ||
| 020 | _a9788190388702 | ||
| 040 | _coclc | ||
| 082 |
_a297.5 _bSHA/M |
||
| 100 |
_aShariati, Ali _91965 |
||
| 245 |
_aMatham Mathathinethire = Religion vs religion / _cAli Shariati |
||
| 260 |
_aKerala: _bOther Books, _c2006. |
||
| 300 | _a63 p | ||
| 942 |
_2ddc _cBK _h297.5 _iSHA/M _k297.5 _mSHA/M |
||
| 999 |
_c42750 _d42750 |
||